000 01001nam a2200301 a 4500
003 MX-MxUPN
005 20240901204313.0
008 991125q1925 sp fr 000 0 spa d
035 _aUPN01000052004
040 _aMX-MxUPN
_bspa
_cMX-MxUPN
041 _aspa
_hger
050 4 _aLC1021 C5
_bR4.78
100 1 _aRein, Wilhelm,
_d1847-1929
_953220
245 1 0 _aResumen de pedagogía
260 _aMadrid :
_bEdiciones de la Lectura,
_c[1925].
300 _a200 páginas
490 0 _aCiencia y educación. Sección general
504 _aIncluye índice.
650 0 _aEducación clásica
_916408
650 4 _aEnseñanza
_96215
700 1 _935469
_aBarnés, Domingo,
_d1879-1940
_etraducción
710 1 _951349
_aMéxico.
_bSecretaría de Educación Pública.
_bBiblioteca Pública
_epropietario anterior
710 2 _951335
_aMuseo Pedagógico Nacional (México)
_epropietario anterior
902 _bMaríaRobles/250824
904 _aAC
_b052006
905 _aLibro
942 _2lcc
_cLIBRO
_n0
999 _c52004
_d52004